000 00343nam a2200133Ia 4500
008 240624s9999 xx 000 0 und d
041 _aeng
082 _a658 ELL
100 _aELLIS CAROL W
245 _aMANAGEMENT SKILLS FOR NEW MANAGERS
260 _c2008
_aNew Delhi
_bPrentice-Hall of India
300 _ax, : 144 : cm.
365 _cRS
_b36
999 _c10329
_d10329